000 00212nam a2200097Ia 4500
008 240331s9999 xx 000 0 und d
082 _bSIL
100 _aSilva,K.T
245 0 _aCatiyinmaiya catimaraippa
942 _cL
999 _c4689
_d4689